<?xml version="1.0" encoding="UTF-8"?><?xml-stylesheet type="text/xsl" href="static/style.xsl"?><OAI-PMH xmlns="http://www.openarchives.org/OAI/2.0/" xmlns:xsi="http://www.w3.org/2001/XMLSchema-instance" xsi:schemaLocation="http://www.openarchives.org/OAI/2.0/ http://www.openarchives.org/OAI/2.0/OAI-PMH.xsd"><responseDate>2026-04-27T14:38:39Z</responseDate><request verb="GetRecord" identifier="oai:uvadoc.uva.es:10324/51535" metadataPrefix="marc">https://uvadoc.uva.es/oai/request</request><GetRecord><record><header><identifier>oai:uvadoc.uva.es:10324/51535</identifier><datestamp>2022-05-30T10:42:28Z</datestamp><setSpec>com_10324_38</setSpec><setSpec>col_10324_852</setSpec></header><metadata><record xmlns="http://www.loc.gov/MARC21/slim" xmlns:doc="http://www.lyncode.com/xoai" xmlns:xsi="http://www.w3.org/2001/XMLSchema-instance" xmlns:dcterms="http://purl.org/dc/terms/" xsi:schemaLocation="http://www.loc.gov/MARC21/slim http://www.loc.gov/standards/marcxml/schema/MARC21slim.xsd">
<leader>00925njm 22002777a 4500</leader>
<datafield tag="042" ind1=" " ind2=" ">
<subfield code="a">dc</subfield>
</datafield>
<datafield tag="720" ind1=" " ind2=" ">
<subfield code="a">Carazo Álvarez, Raúl</subfield>
<subfield code="e">author</subfield>
</datafield>
<datafield tag="260" ind1=" " ind2=" ">
<subfield code="c">2021</subfield>
</datafield>
<datafield tag="520" ind1=" " ind2=" ">
<subfield code="a">En este trabajo vamos a analizar los efectos estacionales que nos encontramos &#xd;
en los mercados de capitales. Profundizaremos especialmente en el efecto &#xd;
enero, revisaremos los resultados obtenidos por otros autores y realizaremos un &#xd;
estudio en el mercado español para ello analizaremos diferentes índices: Ibex 35, IGBM, Ibex small caps e Ibex medium caps. Dentro de esta investigación &#xd;
observamos como la existencia del efecto enero en los mercados españoles no &#xd;
depende tanto del tamaño de las empresas analizadas, como del periodo &#xd;
temporal analizado.</subfield>
</datafield>
<datafield tag="520" ind1=" " ind2=" ">
<subfield code="a">In this paper we will analyze the seasonal effects that we find in the capital markets. We will go deeper into the January effect, we will review the results obtained by other authors and we will carry out a study in the Spanish market by analyzing different indexes: Ibex-35, IGBM, Ibex small caps and Ibex medium caps. Within this research we observe how the existence of the January effect in the Spanish markets does not depend so much on the size of the companies analyzed as on the time period analyzed.</subfield>
</datafield>
<datafield tag="024" ind2=" " ind1="8">
<subfield code="a">https://uvadoc.uva.es/handle/10324/51535</subfield>
</datafield>
<datafield ind1=" " ind2=" " tag="653">
<subfield code="a">Mercado financiero - España</subfield>
</datafield>
<datafield tag="245" ind1="0" ind2="0">
<subfield code="a">Efectos estacionales en los precios de los activos de los mercados financieros</subfield>
</datafield>
</record></metadata></record></GetRecord></OAI-PMH>